[Event "Ubeda"]
[Site "Ubeda"]
[Date "1997.02.20"]
[Round "11"]
[White "Illescas Cordoba, Miguel"]
[Black "Bareev, Evgeny"]
[Result "1/2-1/2"]
[WhiteElo "2635"]
[BlackElo "2665"]
[Annotator "Tsesarsky,I"]
[PlyCount "84"]
[EventDate "1997.02.07"]
[EventType "tourn"]
[EventRounds "11"]
[EventCountry "ESP"]
[EventCategory "16"]
[SourceTitle "CBM 058"]
[Source "ChessBase"]
[SourceDate "1997.06.01"]
[SourceVersion "1"]
[SourceVersionDate "1997.06.01"]
[SourceQuality "1"]

1. Nf3 d5 2. c4 c6 3. d4 Nf6 4. Nc3 e6 5. cxd5 exd5 6. Bg5 h6 7. Bh4 Bf5 8. e3
Nbd7 9. Bd3 Bxd3 10. Qxd3 Bd6 (10... Be7 11. O-O-O (11. O-O O-O 12. a3 (12.
Rab1 a5 13. Qc2 Ne8 14. Bxe7 Qxe7 15. Na4 Nd6 $11 {Arkell,K-Maksimenko,A/
Copenhagen op 1994/0-1 (85)}) (12. h3 Ne8 13. Bxe7 Qxe7 14. a3 Nd6 15. b4 a6
16. Na4 Nc4 17. Nc5 b5 $11 {0-1 Georges,S-Simon,R/Zuerich op 1990 (38)}) 12...
a5 13. Qc2 Ne8 14. Bxe7 Qxe7 15. Rab1 Nd6 16. Nd2 f5 17. b4 axb4 18. axb4 b5
$11 {0-1 Ratzmann,I-Kohlweyer,B/Nuernberg Weilburg op 1996 (31)}) 11... O-O 12.
Bxf6 Nxf6 13. Rhg1 Bb4 14. Kb1 Re8 15. g4 Bxc3 16. Qxc3 Ne4 17. Qe1 Rc8 18. h4
Qf6 19. Qe2 c5 $11 {0-1 Hochgraefe,M-Bagirov,V/BL2-N 1996 (39)}) 11. O-O-O (11.
O-O O-O 12. Rab1 Qe7 (12... a5 13. Ne2 Re8 (13... Qe7 14. Bg3 Ne4 15. Bxd6 Qxd6
$11 {0-1 Mertanen,J-Volzhin,A/Jyvaskyla op 1994 (47)}) 14. Qc2 Qb6 15. Bg3 Ne4
16. Bxd6 Nxd6 $11 17. Nf4 Re7 18. Rbc1 Rae8 19. Nd3 Ne4 20. Nd2 Nd6 21. Nf3 Ne4
22. Nd2 {1/2-1/2 Mai,I-Mueller,M/BL2-O 1996}) 13. Rfe1 Qe6 14. Nd2 Rfe8 15. f3
Nf8 16. e4 dxe4 17. fxe4 Ng6 18. Bxf6 gxf6 19. Qf3 Rad8 20. Nf1 Bc7 21. d5 Qe5
22. Ng3 Nh4 23. Qg4+ Qg5 24. Qh3 Ng6 25. Nf5 Nf4 26. Qg4 h5 $15 {0-1 Burmakin,
V-Giorgadze,G/Russia Cup GP 1997 (49)}) (11. a3 a5 12. Ne2 O-O 13. O-O Re8 14.
Rfc1 Ra6 15. Rc2 Qb8 16. Bg3 Ne4 17. Bxd6 Nxd6 18. Nd2 a4 $11 {Landa,K-Bareev,
E/Open 1996/0-1 (61)}) 11... Bb4 (11... Qa5 12. Kb1 O-O-O 13. Bxf6 Nxf6 14. Nd2
Rhe8 15. f3 Qc7 16. e4 dxe4 17. fxe4 Bb4 18. e5 Ng4 19. Rhf1 Qxe5 $17 {0-1
Steinbacher,M-Novikov,I/Bern op 1993 (39)}) 12. Nd2 O-O 13. Kb1 Re8 14. Rc1 Nf8
15. f3 (15. Qf5 Qd7 16. Qf3 Be7 17. h3 Ng6 18. Bg3 b6 19. Rhd1 Rac8 20. Nb3
$132) 15... Rc8 16. Nb3 (16. e4 $6 dxe4 (16... Ng6 17. Bxf6 Qxf6 18. e5 Qe6 19.
g3 c5 20. f4 cxd4 21. Qxd4 Bxc3 (21... Bc5 22. Qd3 d4 23. Nce4 $14) 22. Rxc3
Rxc3 23. Qxc3 Qf5+ 24. Ka1 $14 (24. Qc2 Qxc2+ 25. Kxc2 $14)) (16... Ne6 17.
Bxf6 (17. e5 g5 18. Bf2 (18. Bxg5 hxg5 19. exf6 Qxf6 20. Nb3 Nf4 $17) 18... Nh5
19. h4 Nhf4 20. Qf5 c5 21. hxg5 Qxg5 22. Qxg5+ hxg5 23. Nb3 cxd4 (23... c4 24.
Na1 (24. Nd2 Nxg2 25. Nxd5 Bxd2 26. Rc2 Bf4 27. Nf6+ Kg7 28. Nxe8+ Rxe8 29. d5
Nf8 30. Rxc4 Bxe5 31. Bxa7 Nf4 $17) 24... Bxc3 25. Rxc3 Nxg2 $17) 24. Nxd4 Nxd4
25. Bxd4 Bxc3 26. Rxc3 $14) 17... Qxf6 18. e5 Qd8 19. g3 c5 20. Ne2 Nxd4 21.
Nxd4 cxd4 22. f4 $11) 17. fxe4 Ng6 18. Bxf6 Qxf6 19. Rhf1 Qg5 20. g3 Rcd8 21.
Rf5 Qe7 $132 (21... Ne5 22. Qe2 Qg4 23. Rxe5 Qxe2 24. Rxe8+ Rxe8 25. Nxe2 Bxd2
26. Rc2 Be3 27. e5 Rd8 28. Rc4 Kf8 29. Kc2 Ke7 (29... Bg5 30. Kd3 $14 (30. h4
Be7 31. Kd3 c5)) 30. Kd3 $16 {[%csl Re3]})) 16... b6 17. a3 Be7 18. Rhd1 (18.
Rhe1 Ne6 $11) 18... Qd7 19. Bf2 Red8 20. e4 $6 (20. g4 c5 21. Qc2 $132) 20...
dxe4 21. fxe4 c5 22. Qf3 c4 (22... cxd4 23. Nxd4 Ng6 24. Nf5 Qe6 25. Bd4 $36)
23. Na1 (23. Nd2 b5 $15 {[%csl Rd2]} (23... Ne6 24. e5 Ng5 25. Qe2 Qf5+ 26. Ka1
Nd5 27. Nxd5 Rxd5 28. Rxc4 $1 $16)) 23... b5 24. Nc2 a5 25. e5 (25. Bh4 Ng6 26.
Bxf6 Bxf6 27. Nd5 Rc6 28. Rf1 Bg5 29. Nce3 Nh4 30. Qf2 Qe8 31. e5 Bxe3 32. Nxe3
Rxd4 33. Nc2 Re4 34. g3 Ng6 35. Nd4 Rc8 36. e6 fxe6 $19) 25... N6h7 $1 (25...
Nd5 26. Nxd5 Qxd5 27. Qxd5 Rxd5 28. Ne3 Rd7 29. a4 $14) 26. d5 (26. Ne4 Ng6 (
26... b4 27. Nc5 Bxc5 28. dxc5 Qb5 29. Rxd8 (29. Rd6 c3 $1 $17) 29... Rxd8 30.
Nd4 Qa6 31. a4 Ng5 32. Qc6 Qxc6 33. Nxc6 Rd2 34. Bg3 Rxg2 35. Rxc4 Nf3 36. Ka2
$16 (36. Rc2 Nd2+ (36... Rg1+ 37. Ka2 Nd7 38. Nxa5 Ndxe5 39. c6 $18) 37. Kc1
Nb3+ 38. Kd1 Rg1+ 39. Ke2 Rg2+ 40. Kd3 Rxc2 41. Kxc2 Nxc5 42. Nxa5 Nxa4 43. Nc6
Ne6 44. Nxb4 Nd4+ 45. Kd3 Nf5 46. b3 Nc5+ 47. Kc4 Nxg3 48. Kxc5 Ne4+ 49. Kd4
Nd2 50. Kc3 Nf3 51. Nc6 Nxh2 52. b4 $18)) 27. Be1 Ng5 28. Nxg5 Bxg5 29. Bxa5
Bxc1 30. Bxd8 Bxb2 31. Ba5 c3 32. Rd3 $132) 26... b4 27. Ne4 c3 $17 28. b3 (28.
axb4 cxb2 (28... axb4 29. Bb6) 29. Kxb2 axb4 30. Bb6 Re8 (30... b3 31. Qxb3 Rb8
32. Ne3 Ng5 33. d6 Nxe4 34. dxe7 Qxe7 35. Rxd8 Rxd8 36. Bxd8 Qxd8 $16) 31. Ne3
Ng5 32. Nxg5 Bxg5 33. Rxc8 Rxc8 34. Nc2 (34. Nf5 Qa4 35. Nd4 Rc3 $19) 34... Qa4
35. Qb3 Qb5 36. Bd4 Qe2 37. Qd3 Qxg2 $17) 28... Ng6 29. Qxf7+ $1 (29. Bb6 Ng5
30. Nxg5 Bxg5 31. Bxd8 Bxc1 32. Bxa5 Bxa3 33. e6 fxe6 34. Qg4 Nf8 35. d6 e5 36.
Qe4 Qe6 37. Ka2 (37. Qd5 Rc5 38. Qxe6+ Nxe6 39. Bb6 (39. Bxb4 Bxb4 40. Nxb4 Rb5
41. Nc6 c2+ 42. Kxc2 Rc5+ 43. Kd3 Rxc6 44. Ke4 Rc2 45. d7 Rxg2 46. Kxe5 Kf7 47.
Kd6 (47. d8=N+ Nxd8 48. Rxd8 Rxh2 $19) 47... Rf2 48. b4 Rf6 49. b5 Nd8+ 50. Kc7
Ke7 51. Re1+ Re6 52. Rg1 g5 53. Rg2 Re5 54. Rd2 Ne6+ 55. Kc6 Rc5+ 56. Kb6 Rc1
$19)) 37... Rc5 38. Bc7 (38. Bxb4 Bxb4 39. Qxb4 Nd7 40. g4 e4 41. h3 e3 42. Re1
Qd5 43. Nd4 (43. Rxe3 Ra5+ 44. Kb1 Qd1#) 43... c2 $19)) 29... Kxf7 30. e6+ Qxe6
31. dxe6+ Kxe6 32. axb4 Rxd1 33. Rxd1 axb4 $5 (33... Bxb4 $142 34. Bg3 (34.
Nxb4 axb4 35. Rd4 c2+ 36. Kc1 Nf4 37. Rd2 Nxg2 38. Nc5+ Kf5 39. Kxc2 Nf6 $17)
34... Nf6 35. Nd4+ Kf7 (35... Kd5 36. Nxf6+ gxf6 37. Kc2 Ke4 38. Nb5 Ne5 39.
Re1+ Kd5 40. Re3 $11) 36. Nxf6 gxf6 (36... Kxf6 37. Rf1+ Kg5 38. Ne6+ Kg4 39.
Bc7 Re8 40. h3+ Kh4 41. Nxg7 Rc8 42. Rf7 Ne7 43. Ne6 Nd5 44. Rg7 Kh5 45. Kc2
Re8 46. Nd4 Ne3+ 47. Kd3 c2 48. Nxc2 Nxc2 49. Kxc2 $16) 37. Kc2 Re8 38. Be1 Nf4
39. Bxc3 Nxg2 $17) 34. Rd4 $5 {[%csl Rb4]} Ne5 (34... Rb8 35. Bg3 Ne5 36. Nf2
Nf6 37. Nd3 Nfd7 38. Ncxb4 $11) 35. Bg3 Nf6 $4 (35... Nc6 36. Rc4 Kd7 37. Nc5+
Bxc5 38. Rxc5 Nf6 39. Rb5 Ne4 40. Rb7+ (40. Nxb4 Nd2+ $19) 40... Ke6 41. Nxb4
Nd4 42. Nc2 Nd2+ 43. Kc1 N2xb3+ 44. Kd1 Nxc2 45. Kxc2 (45. Rxb3 Nd4 $19) 45...
Nd4+ 46. Kd3 c2 47. Bf4 g5 48. Rb6+ Kf5 (48... Kf7 49. Bc1 Rd8 50. Ra6 Nc6+ 51.
Kc3 Rc8 52. Rb6 Ne5+ 53. Kd4 Ng4 54. h3 Nf6 55. Kd3 Nd5 56. Rb2 Ke6 $17) 49.
Bc1 Ne6 $17) 36. Bxe5 $11 Kxe5 37. Nf2 Rd8 38. Nd3+ Kf5 39. Ne3+ Ke6 40. Rxd8
Bxd8 41. Nxb4 Ba5 42. Na2 Nd5 1/2-1/2

[Event "RUS-Cup Final"]
[Site "Sochi"]
[Date "1997.09.17"]
[Round "1"]
[White "Yandemirov, Valeri"]
[Black "Filippov, Valerij"]
[Result "1-0"]
[WhiteElo "2500"]
[BlackElo "2535"]
[Annotator "Tsesarsky,I"]
[PlyCount "83"]
[EventDate "1997.09.17"]
[EventType "tourn"]
[EventRounds "11"]
[EventCountry "RUS"]
[EventCategory "13"]
[SourceTitle "CBM 062"]
[Source "ChessBase"]
[SourceDate "1998.01.31"]
[SourceVersion "1"]
[SourceVersionDate "1998.01.31"]
[SourceQuality "1"]

1. d4 {Baburin} d5 2. c4 e6 3. Nf3 c6 4. cxd5 exd5 5. Nc3 Bd6 6. g3 Nf6 7. Bg2
O-O (7... h6 8. Qc2 O-O 9. O-O Re8 10. e3 Nbd7 11. a3 Nf8 $11 {1/2-1/2 Zamora,
R-Abichaaya,T/Dubai olm 1986 (26)}) (7... Bf5 8. Nh4 (8. O-O O-O (8... Nbd7 9.
Nh4 Be6 10. f3 O-O 11. Qd3 Be7 12. Nf5 Bxf5 13. Qxf5 Qb6 14. e3 Rad8 15. Rd1
Rfe8 16. Bf1 Bf8 $11 {1/2-1/2 Gonzalez,B-Toth,P/Guarapuava II CLA 1992 (70)})
9. Bg5 Nbd7 10. Qb3 Qb6 11. Qxb6 axb6 12. Nh4 Be6 13. Rfd1 h6 14. Bf4 Bxf4 15.
gxf4 $13 {0-1 Muñoz,J-Jario,R/Ibercaja op. 1993 (70)}) 8... Be6 9. Qd3 O-O 10.
O-O Qb6 11. Na4 Qa6 12. Qc2 Nbd7 13. b3 Rfe8 14. Bb2 Bg4 15. e3 Be2 16. Rfc1
Bd3 17. Bf1 Bxf1 18. Rxf1 Ne4 $11 {0-1 Ludden,G-Grotnes,N/NATO-ch 1994 (61)})
8. Bg5 (8. O-O Re8 (8... Nbd7 9. Bf4 (9. Qc2 Re8 10. Nh4 Nf8 11. Bd2 Ne6 12. e3
Ng5 13. f3 g6 14. e4 Ne6 15. Ne2 Qb6 (15... Be7 $5 $15) 16. Be3 dxe4 17. fxe4
Ng4 $17 {1/2-1/2 Paasikangas,J-Aarland Stein Arild/Moss FIN-NOR 1993 (49)})
9... Qc7 10. e3 h6 11. Rc1 a6 12. Nd2 Bxf4 13. exf4 Nb6 14. Nf3 Bg4 $11 {
0-1 Planas,F-Steiner,H/Havana 1952 (32)}) (8... h6 9. a3 a5 10. Ne1 Bf5 11. Nd3
Nbd7 12. Bf4 Bxf4 13. Nxf4 Re8 14. e3 g5 15. Nd3 Qe7 16. Rc1 Qd6 17. Qd2 Kg7
$11 {1-0 Mike,J-Bantle,M/GER-ch Sued-B Ulm 1995 (40)}) (8... Bf5 9. Re1 Nbd7
10. Nh4 Bg4 11. Qc2 Qb6 12. e3 Rae8 $11 {0-1 Arias-Guimerans/cr CAPA I Copa
Arg 1990 (33)}) 9. Qc2 (9. a3 a5 10. Qc2 (10. Bg5 h6 11. Bxf6 Qxf6 12. Qb3 Nd7
13. Rfe1 Bf8 14. e4 dxe4 15. Nxe4 $11 {1-0 Clayton,B-Goldstein/Philadelphia
Wld Opn 1990 (32)}) 10... Bg4 11. Nh4 Be6 12. Bd2 Nbd7 13. Rad1 Nf8 14. Nf5 Bc7
15. Ne3 Qd7 16. Na4 Bh3 17. Nc5 Qc8 $11 {0-1 Sobolev,N-Svirin,O/RUS-sf 1995/
EXP 49 (34)}) (9. Bg5 h6 10. Bxf6 Qxf6 11. a3 Bf5 12. Qd2 Nd7 13. Rfc1 Qe7 $15
{0-1 Scholz Franz-Peter _ Grabarczyk Miroslaw/It open \ 1995 (41)}) 9... Bg4
10. h3 Bxf3 11. Bxf3 Nbd7 12. Rb1 Qe7 13. e3 Qe6 14. Bg2 a5 $11 {Farago,
S-Feher,G/Perenyi-B 1989/TD 89\11/0-1 (38)}) 8... Nbd7 9. O-O Re8 10. a3 (10.
Re1 h6 11. Bh4 $2 g5 12. Nxg5 hxg5 13. Bxg5 Be7 14. e4 dxe4 15. Bxe4 Nf8 16.
Bc2 Bg4 $17 {Eidinger,H-Huss,A/Zuerich op 1991/EXT 91op/ - (36)}) 10... h6 11.
Bxf6 (11. Bf4 Bxf4 12. gxf4 Ne4 $11) 11... Nxf6 12. Rc1 Ne4 (12... a5 $132) (
12... Bf5 13. e3 Qd7 14. Re1 Bh3 $132) 13. Nxe4 dxe4 14. Nd2 f5 (14... Bf5 15.
e3 Qd7 $11) (14... e3 15. fxe3 Rxe3 16. Nc4 Re8 17. e4 Bc7 $11) 15. Qb3+ Kh7 (
15... Kh8 16. e3 $11) 16. Nc4 (16. e3 $11) 16... Bc7 17. Rfd1 Rb8 (17... Qf6
18. d5 Rd8 19. dxc6 Rxd1+ 20. Qxd1 $14) 18. Qc3 Be6 (18... Re7 19. Ne3 Be6 $11)
19. Ne3 Qf6 $5 (19... Re7 $11) 20. d5 Be5 21. Qa5 cxd5 22. Nxd5 Bxd5 23. Rxd5
b6 (23... Bxb2 24. Rxf5 Qg6 25. Rc7 e3 26. f4 $14) (23... e3 24. fxe3 Bxb2 25.
Rf1 Qa6 $11) 24. Qxa7 Bxb2 25. Rcd1 Ra8 26. Qd7 Red8 $4 (26... Be5 27. Bh3 (27.
a4 Re7 28. Qb5 Ra5 $11) 27... Rf8 28. Qb5 Ra5 $11) 27. Qxd8 Rxd8 28. Rxd8 Bxa3
29. e3 $18 {Baburin: Here all play is located on one side (the b-pawn is not
dangerous), so the two rooks are superior to the queen. The presence of the
opposite coloured bishops is also in White's favour, as it's like having an
extra piece in the attack.} Be7 (29... b5 30. R1d5 Be7 31. R8d7 b4 32. Bh3 g6
33. Rb7 Kg8 34. Rdd7 Bf8 35. Bf1 Qc3 36. Rbc7 $18) 30. R8d5 g5 {Moves like
this can hardly be good - Black has weakened his position a lot.} (30... g6 31.
Rd7 h5 32. Rb7 Kh6 33. h4 g5 34. Rdd7 Bc5 35. Rh7+ Kg6 36. hxg5 Qa1+ 37. Kh2
Kxg5 38. Rhg7+ Kh6 39. Rgf7 Kg5 40. Bh3 Qb2 41. Rxf5+ Kg6 42. Rbf7 $18) (30...
h5 31. h4 Bc5 (31... Bb4 32. R1d4 Bc3 33. Rxf5 Bxd4 34. Rxf6 Bxf6 35. Bxe4+ g6
36. Bd3 $18) 32. Bh3 g6 33. Rd7+ Kh6 34. Rb7 Qb2 35. Rdd7 Qh8 36. Rbc7 Qg8 37.
Bxf5 $18) 31. Bh3 f4 (31... g4 32. Bf1 Bc5 33. Bb5 Qb2 34. Bd7 Qe2 35. Bxf5+
Kg7 36. R1d2 Qf3 37. Re5 Bb4 38. Rd7+ Kf6 39. Rxe4 Qxf5 40. Rf4 $18) 32. exf4
gxf4 33. Rf5 (33. Bf5+ Kg7 34. Bxe4 fxg3 35. hxg3 Bc5 36. R1d2 $16) 33... Qe6
34. Rxf4 Qxh3 35. Rf7+ Kg6 36. Rxe7 Qg4 37. Rd4 Kf5 (37... b5 38. Rexe4 Qf5 39.
Rd6+ Kg7 40. Re7+ Kf8 41. Rc7 Qb1+ 42. Kg2 Qe4+ 43. f3 Qe2+ 44. Kh3 Ke8 45.
Rxh6 $18) 38. f3 $1 Qg8 39. Rdxe4 Qb3 40. Kf2 b5 41. g4+ Kf6 42. R4e6+ 1-0

[Event "EU-Cup 13th Group2"]
[Site "Eupen"]
[Date "1997.09.24"]
[Round "3"]
[White "Cobb, James"]
[Black "Gurevich, Mikhail"]
[Result "1-0"]
[WhiteElo "2335"]
[BlackElo "2620"]
[Annotator "Tsesarsky,I"]
[PlyCount "58"]
[EventDate "1997.09.22"]
[EventType "team-k.o."]
[EventRounds "3"]
[EventCountry "BEL"]
[SourceTitle "EXT 2020"]
[Source "ChessBase"]
[SourceDate "2019.10.17"]
[SourceVersion "1"]
[SourceVersionDate "2019.10.17"]
[SourceQuality "1"]
[WhiteTeam "Cardiff Chess Club"]
[BlackTeam "Eupen-Kelmis Rochade"]
[WhiteTeamCountry "WLS"]
[BlackTeamCountry "BEL"]

1. d4 Nf6 2. Nf3 d5 3. c4 c6 4. Nc3 e6 5. cxd5 $6 exd5 6. Bg5 Be7 7. e3 Bf5 $10
(7... h6 8. Bh4 (8. Bxf6 Bxf6 $10) 8... Bf5 $10) 8. Bd3 Bxd3 9. Qxd3 Nbd7 10.
O-O O-O 11. Bxf6 Nxf6 12. Rab1 (12. Rac1 Bd6 13. h3 Qc7 14. Nd2 Rfe8 15. Rfe1
$10 {- Ninov,K-Velikov,P/BUL-ch 1988/EXT 88ch}) 12... a5 (12... Bd6 13. b4 a6
14. a4 Qe7 (14... b5 15. Rfc1 Qe7 16. Na2 Rfc8 17. Qb3 Ne4 18. Rc2 Rc7 19. Nc3
Nf6 20. a5 Rac8 21. Ne2 Ne4 22. Nc1 g6 23. Nd3 $10 {1/2-1/2 Gevorgian,
K-Dragomarezkij,E/Moscow op2 1995 (48)}) 15. b5 a5 16. bxc6 bxc6 17. Rb6 $14 {
1/2-1/2 Filgueira Hernan-Sorokin Maxim/It (open), Buenos Aires (Argentina) 1996
}) 13. Ne5 (13. a3 Bd6 14. Rfc1 (14. Nd2 Re8 15. g3 (15. Rfe1 Re6 16. f3 Nh5
17. f4 Nf6 18. Nf3 Ne4 19. Qc2 f6 20. Nxe4 Rxe4 $17 21. b4 axb4 22. axb4 Ra3
23. b5 Qe8 24. bxc6 bxc6 25. Rec1 Raxe3 $19 {0-1 Nemet,I-Ruefenacht,M/SUI-chT
Basel-Riehen 1995 (33)}) 15... Qd7 16. Kg2 h5 17. h4 Qg4 18. Rfe1 Re6 19. Nf1
Rae8 $132 {1-0 Bruk,O-Muir,A/EU-chT Haifa 1989 (52)}) (14. Ne5 Bxe5 15. dxe5
Nd7 16. f4 f6 17. exf6 {1/2-1/2 Petronic,J-Simic,R/Novi Sad 1995}) 14... Qe7
15. Nd2 Rfe8 16. Na4 {- Mellado,J-Bjerring,K/Barbera op 1996/EXT 96op2}) (13.
Qc2 Bd6 14. Ne5 Bxe5 15. dxe5 Ng4 $17 {1/2-1/2 Gerstner,W-Viellieber,R/
Viernheim-U20 1986 (24)}) (13. Rfc1 Bd6 14. h3 (14. a3 Qe7 15. Na4 Ne4 $132 {
0-1 Bobrowska,M-Radziewicz,I/POL-chJW U20 1994 (31)}) 14... Re8 15. Nd2 h6 16.
a3 Qe7 17. Qc2 Rad8 18. Qa4 Kh8 19. Qxa5 $16 {1/2-1/2 Guevara,M-Ortega,L/Sagua
la Grande 1989 (47)}) 13... Re8 (13... Nd7 14. Nxd7 Qxd7 15. Na4 Bd6 16. Rbc1
$132 {- Udovcic,M-Trifunovic,P/JUG-ch 1960/MCD-ch}) 14. f4 (14. e4 dxe4 15.
Nxe4 Nxe4 16. Qxe4 Bd6 $17) 14... Bd6 15. Rf3 Nd7 $6 (15... Rc8 16. Re1 c5 $5 (
16... b6 17. e4 Bb4 18. exd5 Nxd5 19. Re2 Bxc3 20. bxc3 f6 21. Nc4 (21. Rh3 g6
$17) 21... Rxe2 22. Qxe2 Qd7 23. Qd2 Re8 24. Ne3 Qe6 25. Nxd5 cxd5 $15) 17. Qb5
Re7 $15 (17... b6 18. Na4 cxd4 19. exd4 Rc4 20. Rd3 Bc7 (20... Rb4 21. Qc6 Bxe5
22. fxe5 b5 23. Nc5 Rxb2 24. Rf1 Ne4 25. Nb7 Qe7 26. Qxd5 Nd2 27. Rc1 Nc4 $132)
21. a3 Rc2 $10)) 16. e4 $6 (16. Qf5 $5 Nf6 (16... Re7 17. e4 dxe4 18. Nxe4 Bc7
19. Nxd7 (19. Rg3 Nf8 20. Nf6+ Kh8 21. Kh1 Qxd4 22. Rxg7 $1 (22. Nxh7 $6 Rd8 $1
23. Rg1 (23. Re1 Qf2 24. Qb1 Nxh7 (24... Rxe5) 25. Rh3 Qxe1+ $1 26. Qxe1 Bxe5
27. fxe5 Red7 28. Rxh7+ Kxh7 29. Qe4+ Kg8 30. h3 Re8 $17) 23... Bb6 24. Rf1 Qd1
25. Rgf3 Nxh7 26. Nxf7+ Rxf7 27. Qxf7 Qd7 $15) 22... Kxg7 23. Nh5+ Kg8 24. Nf6+
Kh8 (24... Kg7 25. Nh5+ $10) 25. Qg5 Nd7 26. Qh4 Nf8 (26... Nxf6 27. Qxf6+ Kg8
28. Qxe7 $14) 27. Qg5 $10) (19. Rh3 g6 20. Qg5 f6 (20... Bb6 21. Rd1 f6 22.
Nxf6+ Nxf6 23. Qxf6 Bxd4+ 24. Kf1 Qf8 25. Qxf8+ Rxf8 26. Nxg6 $1 hxg6 27. Rxd4
$16) 21. Nxf6+ Nxf6 22. Qxf6 Qxd4+ 23. Kh1 Qd6 (23... Rae8 24. Rxh7 Kxh7 25.
Qxg6+ Kh8 26. Qf6+ Kg8 (26... Rg7 27. Nf7+ $18) 27. Qg6+ Kf8 28. Qf6+ $10) 24.
Qxd6 Bxd6 25. Re3 $15) 19... Qxd7 (19... Rxd7) 20. Nf6+ gxf6 21. Rg3+ Kf8 22.
Qxf6 (22. Qxh7 Qxd4+ 23. Kh1 Ree8 $1 $19) 22... Ree8 $8 23. Qh6+ Ke7 24. Qg5+ (
24. Re1+ Kd8 25. Qf6+ Kc8 26. Rxe8+ Qxe8 27. Kf2 Qd7 28. Rg8+ Bd8 29. Rf8 b6
$19) 24... f6 25. Re1+ Kd8 26. Qxf6+ Kc8 27. Ree3 (27. Rge3 Rd8 28. Rd3 Bb6 29.
Kh1 Bxd4 $19) 27... Rd8 28. Rg7 Qxd4 29. Qxd4 Rxd4 30. Re8+ Bd8 (30... Rd8 31.
Rxd8+ Bxd8 32. Rxh7 $132) 31. Rxh7 Rd7 $17) 17. Rg3 (17. Qd3 Rc8 $15) (17. Rh3
Re6 $132) 17... Re6 18. Re1 $132) 16... dxe4 $15 17. Nxe4 Nf8 (17... Nxe5 18.
fxe5 Bb8 19. Rbf1 (19. Nf6+ gxf6 20. Rg3+ Kf8 $19) 19... Ba7 20. Kh1 (20. Nd6
Rxe5 21. Qb3 (21. Kh1 Re7 22. Qa3 Bxd4 23. Rxf7 Rxf7 24. Rxf7 Qg5 25. Rf1 b6
$17) 21... Rd5 22. Nxb7 Bxd4+ 23. Kh1 Qb6 24. Qxb6 Bxb6 25. Rxf7 Rd2 $17) 20...
Bxd4 21. Nd6 Bxe5 22. Nxe8 Qxd3 23. Rxd3 Rxe8 24. Rd7 b5 25. b3 $10) 18. Qc4 (
18. Qb3 Re7 19. Rd1 a4 20. Qc2 Bb8 (20... Bc7 21. Nc5) 21. Nc5 f6 $17) 18...
Re7 $1 (18... Ne6 $2 19. Nxf7 $1 Kxf7 20. Ng5+ Kf6 21. Nxh7+ Kg6 22. Qd3+ Kf7
23. Ng5+ Kf6 24. Nh7+ Kf7 (24... Ke7 25. f5 Nc7 26. f6+ gxf6 27. Re1+ Kf7 (
27... Ne6 28. Rxf6 Kd7 29. Qh3 $18) 28. Rxe8 Qxe8 29. Rxf6+ Kg7 (29... Ke7 $2
30. Qe4+ Kd7 31. Qf5+ Ne6 (31... Ke7 32. Rg6 $18) 32. h3 $18 (32. Ng5 Bxh2+ 33.
Kf1 $18)) 30. Rxd6 $18) 25. Ng5+ $10) 19. Rd1 Qc7 $6 (19... Ng6 $15) 20. a4 $6
(20. Nxd6 Qxd6 21. d5 Nd7 (21... Rd8 22. Rfd3 c5 23. Qc3 Ra8 24. Qd2 $10) 22.
Nxd7 Qxd7 23. Rg3 $10) 20... Rd8 $15 (20... Ng6 $15) 21. Rdd3 (21. Nxd6 Qxd6
22. Re3 $15) (21. Rff1 $15) 21... Qb6 22. Ng5 $2 (22. b3 Ng6 $15) (22. Rf2 $15)
22... Bxe5 $19 (22... Qb4 $17) 23. fxe5 Rd5 24. Rf2 (24. Rf4 Qxb2 (24... Ng6
25. Rf2 Qd8 26. Nf3 c5 $17) 25. Rdf3 Qd2 26. Qf1 (26. Nxf7 Ne6 $19) (26. Rxf7
Rxf7 27. Nxf7 Qxd4+ 28. Qxd4 Rxd4 29. Nd6 Nd7 30. Nxb7 Nxe5 31. Ra3 (31. Rf5
Rd5 $19) 31... Rd5 $19) 26... Ng6 27. Rf2 Qe3 28. Rxf7 Rxf7 29. Nxf7 Rxd4 $19)
24... h6 25. Nf3 Ne6 $19 26. g3 Red7 27. Rfd2 Qd8 28. Kg2 c5 29. b3 cxd4 $19 {
1:0-??} 1-0